000 00686nam a2200193 i 4500
001 130424
003 ES-MaACL
005 20231206063236.0
007 t|
008 070727s1905 sp |||| | spa d
100 1 _aZancada, Práxedes,
_d1881-1936
_9117967
245 1 3 _aEl problema de las pensiones para los obreros en España /
_cPráxedes Zancada ; con una carta-prólogo de D. Gumersindo de Azcárate.
260 _aMadrid :
_bBailly-Baillière e Hijos,
_c[1905]
300 _aVII, 173 p. ;
_c19 cm.
650 1 4 _aPensiones de jubilación.
_915924
700 1 _aAzcárate, Gumersindo de,
_d1840-1917
_924243
852 _aES-MaACL
_jF-12358
999 _c130424
_d130424